00499nam a2200193 a 4500001001300000003000900013005001700022008004100039020001000080082001900090100002500109245003000134260004200164300000900206500003500215505001300250650001700263700002500280nice12345678IN_TiNIC20260116014611.0050524s1998 alia grp 000 0 urd  ac10000a891.4393bHAI1 aHaider, Qurratul-Ain aAakhir-E-Shab Ke Hamsafar aAligarhbEducational Book Housec1998 a351p aincludes index and biblioraphy2 aGlossary aUrdu-Fiction1 aHaider, Qurratul-Ain